[Event "Berlin 2-Berlin 1"]
[Site "Gladenbach"]
[Date "2011.09.15"]
[Round "5.1"]
[White "Postler, Reinhard"]
[Black "Welz, Peter"]
[Result "0-1"]
[WhiteElo "2308"]
[BlackElo "2036"]
[PlyCount "101"]
[EventDate "2011.??.??"]
[WhiteTeam "Berlin 1"]
[BlackTeam "Berlin 2"]

1. e4 e6 2. d4 d5 3. Nd2 c5 4. exd5 exd5 5. Ngf3 Nc6 6. Bb5 Bd6 7. dxc5 Bxc5 8.
O-O Nge7 9. Nb3 Bd6 10. Bg5 O-O 11. Bh4 Qb6 12. Be2 Bf5 13. Bg3 Bxg3 14. hxg3
Rad8 15. c3 Rfe8 16. a4 a6 17. a5 Qc7 18. Nfd4 Bg6 19. Re1 Ne5 20. Bf1 Nc4 21.
Bxc4 dxc4 22. Nd2 Nf5 23. Qa4 Nd6 24. Nf1 h6 25. Re3 Re7 26. Rae1 Rde8 27. Qb4
Rxe3 28. Rxe3 Rxe3 29. Nxe3 Qe7 30. Qc5 Kh7 31. Nf3 Bd3 32. Ne5 Qe6 33. Nxd3
cxd3 34. Qd4 Qg6 35. c4 Nc8 36. Nd5 Na7 37. b4 Nc6 38. Qc3 Qe4 39. Ne3 Nd4 40.
Kf1 f5 41. Ke1 g5 42. Kd2 f4 43. gxf4 gxf4 44. Qxd3 fxe3+ 45. fxe3 Qxd3+ 46.
Kxd3 Nc6 47. Kc3 Kg6 48. b5 axb5 49. cxb5 Nxa5 50. b6 Kf5 51. Kd4 0-1

[Event "Berlin 2-Berlin 1"]
[Site "Gladenbach"]
[Date "2011.09.15"]
[Round "5.2"]
[White "Burger, Heinrich"]
[Black "Rahls, Peter"]
[Result "0-1"]
[WhiteElo "2014"]
[BlackElo "2132"]
[PlyCount "80"]
[EventDate "2011.??.??"]
[WhiteTeam "Berlin 2"]
[BlackTeam "Berlin 1"]

1. e4 c5 2. Nc3 e6 3. g3 Nc6 4. Bg2 d6 5. d3 g6 6. Nge2 Bg7 7. O-O Nge7 8. Be3
O-O 9. Qd2 Nd4 10. Nc1 Bd7 11. Rb1 Bc6 12. Nd1 b6 13. c3 Nb5 14. Bh6 Nc7 15.
Bxg7 Kxg7 16. d4 f5 17. f3 e5 18. d5 Bd7 19. Nf2 f4 20. gxf4 Rxf4 21. Ne2 Rf7
22. f4 exf4 23. Nxf4 Ng8 24. Nh1 Qh4 25. Ne6+ Nxe6 26. Rxf7+ Kxf7 27. dxe6+
Bxe6 28. Qxd6 Re8 29. Rf1+ Kg7 30. Qe5+ Nf6 31. Ng3 Bc4 32. Qc7+ Kg8 33. Rf4
Ng4 34. Nf1 Qg5 35. Ng3 Ne5 36. Rf2 Qe3 37. Nf1 Bxf1 38. Kxf1 Qc1+ 39. Ke2
Qxb2+ 40. Kf1 Qa1+ 0-1

[Event "Berlin 2-Berlin 1"]
[Site "Gladenbach"]
[Date "2011.09.15"]
[Round "5.3"]
[White "Brameyer, Hermann"]
[Black "Krug, Peter"]
[Result "1/2-1/2"]
[WhiteElo "2109"]
[BlackElo "2056"]
[PlyCount "25"]
[EventDate "2011.??.??"]
[WhiteTeam "Berlin 1"]
[BlackTeam "Berlin 2"]

1. Nf3 d6 2. e4 g6 3. d4 Bg7 4. Bc4 Nc6 5. c3 Nf6 6. Qe2 O-O 7. O-O e5 8. dxe5
Nxe5 9. Nxe5 dxe5 10. Rd1 Qe7 11. Bg5 h6 12. Bh4 Qc5 13. Kh1 1/2-1/2

[Event "NRW 2-Niedersachsen 2"]
[Site "Gladenbach"]
[Date "2011.09.15"]
[Round "5.1"]
[White "Hilburt, Leonid"]
[Black "Bakhmatov, Eduard"]
[Result "1/2-1/2"]
[WhiteElo "1994"]
[BlackElo "2189"]
[PlyCount "52"]
[EventDate "2011.??.??"]
[WhiteTeam "Niedersachsen 2"]
[BlackTeam "NRW 2"]

1. e4 c5 2. Nc3 Nc6 3. g3 g6 4. Bg2 Bg7 5. f4 d6 6. d3 Bd7 7. Nf3 Rb8 8. a4 a6
9. O-O b5 10. axb5 axb5 11. h3 e6 12. g4 h5 13. g5 Nge7 14. h4 O-O 15. Ne2 Qb6
16. Kh1 Ra8 17. Rxa8 Rxa8 18. c3 b4 19. Be3 bxc3 20. bxc3 Ra2 21. Nd2 d5 22.
Re1 Qb2 23. Qb1 Qxb1 24. Nxb1 c4 25. Nc1 Rb2 26. Na3 {Rest nicht
rekonstruierbar} dxe4 1/2-1/2

[Event "NRW 2-Niedersachsen 2"]
[Site "Gladenbach"]
[Date "2011.09.15"]
[Round "5.2"]
[White "Maslak, Sulejman"]
[Black "Rickers, Gerd"]
[Result "1-0"]
[WhiteElo "2240"]
[BlackElo "1902"]
[PlyCount "51"]
[EventDate "2011.??.??"]
[WhiteTeam "NRW 2"]
[BlackTeam "Niedersachsen 2"]

1. c4 c5 2. Nc3 Nc6 3. g3 g6 4. Bg2 Bg7 5. e3 e5 6. Nge2 d6 7. a3 Nge7 8. Rb1
a5 9. O-O O-O 10. d3 Rb8 11. h3 f5 12. b3 Kh8 13. Bb2 Be6 14. d4 exd4 15. exd4
Nxd4 16. Nxd4 Bxd4 17. Nb5 Bxb2 18. Rxb2 Nc8 19. Rd2 Qf6 20. Re1 Bd7 21. Nxd6
Bc6 22. Bxc6 bxc6 23. Ne8 Qc3 24. Re3 Qxe3 25. Qa1+ Qd4 26. Rxd4 1-0

[Event "NRW 2-Niedersachsen 2"]
[Site "Gladenbach"]
[Date "2011.09.15"]
[Round "5.3"]
[White "Davydov, Mihail"]
[Black "Bachmann, Karlheinz"]
[Result "0-1"]
[WhiteElo "1891"]
[BlackElo "2210"]
[PlyCount "64"]
[EventDate "2011.??.??"]
[WhiteTeam "Niedersachsen 2"]
[BlackTeam "NRW 2"]

1. e4 c5 2. Nf3 e6 3. d4 cxd4 4. Nxd4 Nf6 5. Bd3 Nc6 6. Nxc6 bxc6 7. c4 d5 8.
exd5 cxd5 9. O-O Be7 10. Nc3 O-O 11. Qe2 Bb7 12. Rd1 Qc7 13. Bg5 dxc4 14. Bxc4
Rfd8 15. Bh4 h6 16. Rac1 Qc6 17. f3 Rxd1+ 18. Nxd1 Rd8 19. Ne3 Qb6 20. Bf2 Bc5
21. b3 e5 22. Rd1 e4 23. f4 Rd6 24. h3 Bxe3 25. Rxd6 Bxf2+ 26. Qxf2 Qxd6 27.
Qxa7 Bd5 28. g3 Bxc4 29. bxc4 Qd1+ 30. Kg2 Qf3+ 31. Kh2 e3 32. Qa8+ Qxa8 0-1

[Event "NRW 2-Niedersachsen 2"]
[Site "Gladenbach"]
[Date "2011.09.15"]
[Round "5.4"]
[White "Bogorad, Michail"]
[Black "Rychlik, Kurt"]
[Result "0-1"]
[WhiteElo "2026"]
[BlackElo "1896"]
[PlyCount "84"]
[EventDate "2011.??.??"]
[WhiteTeam "NRW 2"]
[BlackTeam "Niedersachsen 2"]

1. e4 e6 2. Qe2 c5 3. g3 Nc6 4. Nf3 Nf6 5. Bg2 d5 6. d3 Be7 7. O-O O-O 8. e5
Nd7 9. h4 Qc7 10. Bf4 b5 11. c3 a5 12. Nbd2 Ba6 13. Rfe1 Rfe8 14. h5 a4 15.
Rac1 c4 16. d4 b4 17. Nf1 Reb8 18. Ne3 Qa5 19. Ng4 a3 20. bxa3 bxc3 21. Nf6+
gxf6 22. exf6 Rb2 23. Qe3 Bxf6 24. Ne5 Ncxe5 25. dxe5 Be7 26. Bh6 Bf8 27. Bxf8
Rxf8 28. h6 Kh8 29. Rxc3 Qc5 30. Qf4 d4 31. Rf3 Bb7 32. Qg5 Rg8 33. Qf4 Bxf3
34. Bxf3 d3 35. Re3 d2 36. Kg2 Rb1 37. Rc3 d1=Q 38. Bxd1 Rxd1 39. Rxc4 Qxe5 40.
Qf3 Qd5 41. Re4 f5 42. Rxe6 Rg1+ 0-1

[Event "Baden 2-Hamburg"]
[Site "Gladenbach"]
[Date "2011.09.15"]
[Round "5.1"]
[White "Hess, Christian"]
[Black "Villing, Dieter"]
[Result "1/2-1/2"]
[WhiteElo "2179"]
[BlackElo "2056"]
[PlyCount "113"]
[EventDate "2011.??.??"]
[WhiteTeam "Hamburg"]
[BlackTeam "Baden 2"]

1. Nf3 d6 2. d4 Bg4 3. Nbd2 Nd7 4. h3 Bh5 5. g4 Bg6 6. Nh4 e6 7. Nxg6 hxg6 8.
Bg2 c6 9. c3 a5 10. Qb3 Qb6 11. Nc4 Qa6 12. a4 d5 13. Na3 Ngf6 14. Bf4 Be7 15.
O-O Qxe2 16. Qxb7 Qa6 17. Qxa6 Rxa6 18. Rfc1 O-O 19. c4 c5 20. Bf1 Raa8 21. Nb5
cxd4 22. Nxd4 Bc5 23. Nb3 Ne4 24. Nxc5 Nexc5 25. Rd1 e5 26. Bd2 Nb3 27. Ra3
Nxd2 28. Rxd2 d4 29. Rb3 Rfb8 30. Rb5 Rxb5 31. axb5 Nc5 32. Bg2 Rb8 33. Bd5 Kf8
34. Kg2 g5 35. Kg3 Ke7 36. h4 gxh4+ 37. Kxh4 Rb6 38. g5 f6 39. Bc6 Rb8 40. Kg4
Ne6 41. Rd3 Kd6 42. gxf6 gxf6 43. Kf5 Nf4 44. Ra3 d3 45. Rxa5 Kc5 46. Kxf6 d2
47. Bf3 Nd3 48. b6+ Kb4 49. Rd5 Kxc4 50. Rd6 Rf8+ 51. Ke7 Rxf3 52. b7 d1=Q 53.
b8=Q Qa4 54. Qg8+ Kb4 55. Qb8+ Kc4 56. Qg8+ Kb4 57. Qb8+ 1/2-1/2

[Event "Baden 2-Hamburg"]
[Site "Gladenbach"]
[Date "2011.09.15"]
[Round "5.2"]
[White "Striebich, Rudolf"]
[Black "Jacoby, Gisbert"]
[Result "1/2-1/2"]
[WhiteElo "2036"]
[BlackElo "2091"]
[PlyCount "58"]
[EventDate "2011.??.??"]
[WhiteTeam "Baden 2"]
[BlackTeam "Hamburg"]

1. g3 c5 2. Bg2 g6 3. Nf3 Bg7 4. d3 Nc6 5. O-O d5 6. Nbd2 e6 7. c4 Nge7 8. e3
O-O 9. a3 b6 10. Qc2 a5 11. Rb1 Ra7 12. b3 Nf5 13. Bb2 d4 14. e4 Nd6 15. Ne1
Bb7 16. f4 f5 17. e5 Nf7 18. Ndf3 g5 19. h3 gxf4 20. gxf4 Bh6 21. Bc1 Nh8 22.
Bh1 Ng6 23. Ng2 Kh8 24. Qf2 Rg8 25. Kh2 Ba8 26. Nfh4 Rag7 27. Nxg6+ Rxg6 28.
Nh4 R6g7 29. Nf3 Qe7 1/2-1/2

[Event "Baden 2-Hamburg"]
[Site "Gladenbach"]
[Date "2011.09.15"]
[Round "5.3"]
[White "Engelbert, Christoph"]
[Black "Sandmeier, Toni"]
[Result "1-0"]
[WhiteElo "2090"]
[BlackElo "2135"]
[PlyCount "79"]
[EventDate "2011.??.??"]
[WhiteTeam "Hamburg"]
[BlackTeam "Baden 2"]

1. e4 Nf6 2. e5 Nd5 3. d4 d6 4. c4 Nb6 5. exd6 cxd6 6. Nc3 g6 7. Be3 Bg7 8. Rc1
O-O 9. b3 Nc6 10. d5 Ne5 11. Be2 f5 12. f4 Ng4 13. Bxg4 fxg4 14. Nge2 e5 15.
dxe6 Bxe6 16. O-O Re8 17. Qd2 d5 18. c5 Nc8 19. Nb5 Bf7 20. Bf2 Qd7 21. Nbd4
Ne7 22. Rfe1 Rad8 23. g3 Bf6 24. Rc2 Nf5 25. Rec1 Rxe2 26. Nxe2 d4 27. c6 bxc6
28. Rxc6 Qe7 29. Rc8 Rxc8 30. Rxc8+ Kg7 31. Nxd4 Nd6 32. Rc1 Ne4 33. Qd3 Qa3
34. Rc7 Nxf2 35. Kxf2 Qxa2+ 36. Nc2 Kg8 37. Qd6 Kg7 38. Rc8 Be8 39. Qc7+ Bf7
40. Qc5 1-0

[Event "Baden 2-Hamburg"]
[Site "Gladenbach"]
[Date "2011.09.15"]
[Round "5.4"]
[White "Hurst, Peter"]
[Black "Horn, Peter"]
[Result "1-0"]
[WhiteElo "2011"]
[BlackElo "2096"]
[PlyCount "85"]
[EventDate "2011.??.??"]
[WhiteTeam "Baden 2"]
[BlackTeam "Hamburg"]

1. d4 Nf6 2. e3 g6 3. f4 Bg7 4. Nf3 O-O 5. Be2 d6 6. O-O Nbd7 7. c4 e5 8. Nc3
exf4 9. exf4 Nb6 10. Kh1 Re8 11. a4 d5 12. c5 Nc4 13. Ne5 Be6 14. a5 Nxe5 15.
fxe5 Ne4 16. a6 b6 17. cxb6 axb6 18. Bb5 Bd7 19. Bd3 Nxc3 20. bxc3 c6 21. Ba3
Be6 22. Bd6 f5 23. a7 Bf8 24. Bb8 b5 25. Ra6 Qd7 26. Ra1 Be7 27. Rf2 Rf8 28.
Rfa2 Bd8 29. Bd6 Be7 30. Bb8 Rf7 31. Qc1 Bd8 32. Qa3 Bc7 33. Bxc7 Qxc7 34. Qc5
Qc8 35. Ra6 Rc7 36. Kg1 Kg7 37. h3 Qd7 38. Kh2 g5 39. Rb6 Qc8 40. Raa6 Raxa7
41. Rxc6 Kg8 42. Rxa7 Rxc6 43. Qe7 1-0

[Event "Sachsen-Schleswig Holstein 1"]
[Site "Gladenbach"]
[Date "2011.09.15"]
[Round "5.2"]
[White "Bodach, Hans"]
[Black "Neumann, Joachim"]
[Result "1-0"]
[WhiteElo "2113"]
[BlackElo "2040"]
[PlyCount "63"]
[EventDate "2011.??.??"]
[WhiteTeam "Sachsen"]
[BlackTeam "Schleswig Holstein 1"]

1. e4 c5 2. Nc3 Nc6 3. g3 g6 4. Bg2 Bg7 5. d3 d6 6. Be3 Nd4 7. Qd2 e6 8. Nge2
Ne7 9. O-O Rb8 10. a4 O-O 11. Nd1 b6 12. Nxd4 cxd4 13. Bh6 Bd7 14. Bxg7 Kxg7
15. c3 Nc6 16. f4 e5 17. f5 f6 18. h4 gxf5 19. exf5 Ne7 20. Bh3 Qc8 21. Qf2
dxc3 22. bxc3 Qc5 23. d4 exd4 24. cxd4 Qc4 25. g4 Nc6 26. Ne3 Qxd4 27. Rfd1 Qb4
28. Rab1 Qa3 29. Ra1 Qb4 30. g5 Rbd8 31. Nd5 Qc5 32. Nxf6 1-0

[Event "Sachsen-Schleswig Holstein 1"]
[Site "Gladenbach"]
[Date "2011.09.15"]
[Round "5.3"]
[White "Seeck, Klaus"]
[Black "Weidlich, Günter"]
[Result "0-1"]
[WhiteElo "1916"]
[BlackElo "2110"]
[PlyCount "96"]
[EventDate "2011.??.??"]
[WhiteTeam "Schleswig Holstein 1"]
[BlackTeam "Sachsen"]

1. d4 g6 2. c4 Bg7 3. Nc3 d6 4. e4 Nc6 5. Be3 e5 6. Nge2 Nf6 7. d5 Ne7 8. f3
O-O 9. Qd2 Ne8 10. g4 f5 11. gxf5 gxf5 12. Bh6 f4 13. Bxg7 Nxg7 14. Nc1 Ng6 15.
Qf2 Qh4 16. Nb3 b6 17. Qxh4 Nxh4 18. Nd2 Kf7 19. Kf2 Rg8 20. Rg1 Ne8 21. Rxg8
Kxg8 22. Bd3 Kf7 23. Rg1 h6 24. b4 a5 25. b5 Bd7 26. a3 Nf6 27. Ke2 Nh7 28. Kf2
Ng5 29. Bf1 Rg8 30. Ne2 Rg7 31. Nc1 Kf6 32. Nd3 Nhxf3 33. Nxf3 Nxe4+ 34. Ke1
Rxg1 35. Nxg1 Bf5 36. Bh3 Bxh3 37. Nxh3 Kf5 38. Nhf2 Ng5 39. Ke2 e4 40. Ne1 e3
41. Nfd3 Ke4 42. Nxf4 Kxf4 43. Ng2+ Ke4 44. Nxe3 Nf7 45. h4 Ne5 46. a4 h5 47.
Kf2 Nd3+ 48. Ke2 Nb2 0-1

[Event "Sachsen-Schleswig Holstein 1"]
[Site "Gladenbach"]
[Date "2011.09.15"]
[Round "5.4"]
[White "Lenk, Wolfgang"]
[Black "Gehrmann, Rudolf-Rainer"]
[Result "1/2-1/2"]
[WhiteElo "2071"]
[BlackElo "1905"]
[PlyCount "50"]
[EventDate "2011.??.??"]
[WhiteTeam "Sachsen"]
[BlackTeam "Schleswig Holstein 1"]

1. e4 c5 2. Nf3 d6 3. d4 cxd4 4. Nxd4 Nf6 5. Nc3 g6 6. Be3 Bg7 7. f3 Nc6 8. Qd2
Bd7 9. O-O-O Rc8 10. Kb1 Ne5 11. Bh6 Bxh6 12. Qxh6 Rxc3 13. bxc3 Qc7 14. Qd2
O-O 15. Ka1 Rc8 16. Rb1 d5 17. Nb5 Bxb5 18. Bxb5 dxe4 19. f4 Nc6 20. Rhd1 Na5
21. Rb4 e6 22. Rd4 Kg7 23. g3 a6 24. Be2 b5 25. Rd6 Nc6 1/2-1/2

[Event "Württemberg 2-Brandenburg"]
[Site "Gladenbach"]
[Date "2011.09.15"]
[Round "5.1"]
[White "Walter, Günter"]
[Black "Hottes, Dieter"]
[Result "1/2-1/2"]
[WhiteElo "2185"]
[BlackElo "2035"]
[PlyCount "107"]
[EventDate "2011.??.??"]
[WhiteTeam "Brandenburg"]
[BlackTeam "Württemberg 2"]

1. e4 c5 2. Nf3 e6 3. d4 cxd4 4. Nxd4 a6 5. c4 Nf6 6. Nc3 Bb4 7. Qf3 Qc7 8. Bd2
O-O 9. Nc2 Be7 10. Be2 Nc6 11. Qg3 Qxg3 12. hxg3 Rd8 13. O-O-O b6 14. g4 h6 15.
g5 hxg5 16. Bxg5 Nd5 17. Bxe7 Ndxe7 18. f4 d6 19. Bf3 Rb8 20. Rd2 b5 21. cxb5
axb5 22. Rhd1 b4 23. Na4 d5 24. exd5 Nxd5 25. Bxd5 exd5 26. Rxd5 Re8 27. Rd6 b3
28. Rxc6 bxc2 29. Rxc2 Rb4 30. Nc3 Rxf4 31. Rcd2 Bg4 32. Rd8 Rxd8 33. Rxd8+ Kh7
34. Rd2 g5 35. a4 Be6 36. Kc2 Rb4 37. Kd3 f5 38. a5 f4 39. Ke2 Kg6 40. Kf2 Kf5
41. g3 Bc8 42. gxf4 gxf4 43. Nd5 Rb7 44. b4 Be6 45. Nb6 Rh7 46. a6 Rh2+ 47. Ke1
Rh1+ 48. Ke2 Ra1 49. b5 Ke4 50. Kf2 Bh3 51. Re2+ Kd4 52. Kf3 Kc5 53. Nc8 Bxc8
54. Rc2+ 1/2-1/2

[Event "Württemberg 2-Brandenburg"]
[Site "Gladenbach"]
[Date "2011.09.15"]
[Round "5.2"]
[White "Häcker, Johannes"]
[Black "Grottke, Hans-Joachim"]
[Result "0-1"]
[WhiteElo "2074"]
[BlackElo "2178"]
[PlyCount "104"]
[EventDate "2011.??.??"]
[WhiteTeam "Württemberg 2"]
[BlackTeam "Brandenburg"]

1. c4 c6 2. Nf3 d5 3. b3 e6 4. Bb2 Nf6 5. e3 Nbd7 6. Be2 Bd6 7. d4 Ne4 8. Nbd2
f5 9. Bd3 b6 10. Qe2 Bb7 11. O-O-O Qe7 12. Nb1 O-O 13. Ne1 a5 14. f3 Nef6 15.
a4 c5 16. Nc2 g6 17. g3 e5 18. Qf2 cxd4 19. exd4 e4 20. Be2 Rac8 21. Nc3 Rfe8
22. Rhe1 Nb8 23. Kb1 Na6 24. Ne3 Nb4 25. f4 Ba6 26. Nexd5 Nbxd5 27. Nxd5 Nxd5
28. cxd5 Bxe2 29. Rxe2 Qb7 30. Rc2 Qxd5 31. Qe3 Rxc2 32. Kxc2 b5 33. axb5 Rb8
34. Ra1 Rxb5 35. h3 Rb7 36. g4 g5 37. gxf5 Bxf4 38. Qe2 Qxb3+ 39. Kb1 a4 40.
Qc2 Qxc2+ 41. Kxc2 Rb4 42. Re1 e3 43. Bc3 Rb3 44. Kd3 Kf7 45. Kc4 Kf6 46. Ra1
Bg3 47. Be1 Bxe1 48. Rxe1 Kxf5 49. d5 Ke4 50. d6 Rd3 51. Kc5 Rd2 52. Kc6 e2 0-1

[Event "Württemberg 2-Brandenburg"]
[Site "Gladenbach"]
[Date "2011.09.15"]
[Round "5.3"]
[White "Tröger, Rainer"]
[Black "Hoeschele, Hans-Ulrich"]
[Result "1/2-1/2"]
[WhiteElo "2060"]
[BlackElo "2003"]
[PlyCount "104"]
[EventDate "2011.??.??"]
[WhiteTeam "Brandenburg"]
[BlackTeam "Württemberg 2"]

1. Nf3 d5 2. g3 c5 3. Bg2 Nc6 4. d3 e5 5. Nbd2 Be6 6. O-O f6 7. c4 d4 8. a3 Qd7
9. Qa4 Bd6 10. Rb1 Nge7 11. b4 O-O 12. Ne4 b6 13. Bd2 Rfb8 14. Rb2 cxb4 15.
axb4 Bc7 16. b5 Nd8 17. Bb4 a5 18. Ba3 Nb7 19. Rc1 Bd8 20. Nfd2 Kh8 21. Nb3 f5
22. Ng5 Bg8 23. Nf3 Qe6 24. Rbc2 h6 25. e3 dxe3 26. fxe3 Ra7 27. Bb2 Bc7 28.
Re1 Rd8 29. d4 e4 30. d5 Qc8 31. Nfd4 Bd6 32. Nc6 Nxc6 33. bxc6 Bb4 34. cxb7
Rxb7 35. Ree2 Rc7 36. Qb5 Bxd5 37. Qxb6 Rd6 38. Qd4 Bxc4 39. Rxc4 Rxd4 40. Rxd4
Rc2 41. Rxc2 Qxc2 42. Rd8+ Kh7 43. Bd4 Qxb3 44. Rd7 Bf8 45. Bh3 Kg6 46. Ra7
Qd1+ 47. Kg2 Kg5 48. Rf7 Qc2+ 49. Kg1 Qb1+ 50. Kf2 Qb4 51. Bf1 g6 52. Bh3 h5
1/2-1/2

[Event "Württemberg 2-Brandenburg"]
[Site "Gladenbach"]
[Date "2011.09.15"]
[Round "5.4"]
[White "Lainburg, Viktor"]
[Black "Rödel, Egmar"]
[Result "1-0"]
[WhiteElo "2000"]
[BlackElo "1908"]
[PlyCount "113"]
[EventDate "2011.??.??"]
[WhiteTeam "Württemberg 2"]
[BlackTeam "Brandenburg"]

1. Nf3 d5 2. g3 Nf6 3. Bg2 c6 4. b3 Bf5 5. Bb2 Nbd7 6. O-O e6 7. d3 Be7 8. Nbd2
O-O 9. e3 h6 10. Qe2 a5 11. a4 Nc5 12. Nd4 Bg6 13. f4 Bh5 14. Bf3 Bxf3 15.
N2xf3 Ncd7 16. e4 dxe4 17. dxe4 Qb6 18. Kg2 Bc5 19. Rad1 Rad8 20. e5 Nd5 21.
Qe4 Rfe8 22. g4 Bb4 23. Nd2 Qa6 24. Nc4 Nc5 25. Qf3 Nd7 26. f5 Nc7 27. fxe6
fxe6 28. Qf7+ Kh7 29. Nxe6 Nxe6 30. Rxd7 Rxd7 31. Qxd7 Re7 32. Qd3+ Kg8 33. Qf5
b5 34. Nd6 bxa4 35. bxa4 Qe2+ 36. Rf2 Qd1 37. Ne4 Qd5 38. Qf3 Kh8 39. c3 Bc5
40. c4 Qxc4 41. Nxc5 Qxc5 42. Ba3 Nf4+ 43. Kg3 Qxe5 44. Qxf4 Qc3+ 45. Rf3 Qe1+
46. Kh3 Re4 47. Qf8+ Kh7 48. Bb2 Re7 49. Bc3 Qe2 50. Qf5+ Kg8 51. Qd3 Qxd3 52.
Rxd3 Re4 53. Kh4 Rxa4 54. Rd7 Rc4 55. Bxg7 a4 56. Bxh6 Rc2 57. Kg5 1-0

[Event "Rheinlandpfalz-Bayern 2"]
[Site "Gladenbach"]
[Date "2011.09.15"]
[Round "5.1"]
[White "Fischer, Gerd"]
[Black "Müller, Lutz"]
[Result "0-1"]
[WhiteElo "2039"]
[BlackElo "1908"]
[PlyCount "120"]
[EventDate "2011.??.??"]
[WhiteTeam "Bayern 2"]
[BlackTeam "Rheinlandpfalz"]

1. e4 c5 2. Nf3 d6 3. d4 cxd4 4. Nxd4 Nf6 5. Nc3 g6 6. Be3 Bg7 7. f3 O-O 8. Bc4
Nc6 9. Qd2 Bd7 10. O-O Rc8 11. Bb3 Ne5 12. Rae1 Nc4 13. Bxc4 Rxc4 14. b3 Rc8
15. Nd5 e6 16. Nxf6+ Bxf6 17. c4 Qc7 18. Rc1 a6 19. Rfd1 Rfd8 20. Ne2 Bc6 21.
Ng3 Qe7 22. Bf4 Be5 23. Bxe5 dxe5 24. Qa5 Qg5 25. Qc3 h5 26. Nf1 Rd4 27. h4 Qh6
28. Rd2 Rcd8 29. Rcd1 Qg7 30. Qe3 Kh7 31. Qg5 f6 32. Qe3 f5 33. exf5 exf5 34.
Qg5 R8d7 35. Rxd4 exd4 36. Rd3 b5 37. Nh2 Qe5 38. Kf2 Re7 39. Kg1 Qe1+ 40. Nf1
Re2 41. Qg3 Qxg3 42. Nxg3 Rxa2 43. Rxd4 bxc4 44. Rxc4 Bb5 45. Rd4 Rb2 46. b4
Kg7 47. Nh1 Kf6 48. f4 Ke6 49. Nf2 Bc6 50. g3 Rb1+ 51. Kh2 Rf1 52. Rd2 Bd5 53.
Rb2 Kd6 54. Rd2 Kc6 55. Rc2+ Kb6 56. Rd2 Bc6 57. Rb2 Kb5 58. Rc2 Be8 59. Rb2
Ka4 60. g4 hxg4 0-1

[Event "Rheinlandpfalz-Bayern 2"]
[Site "Gladenbach"]
[Date "2011.09.15"]
[Round "5.2"]
[White "Schwertel, Johann"]
[Black "Hein, Manfred"]
[Result "0-1"]
[WhiteElo "1894"]
[BlackElo "1916"]
[PlyCount "103"]
[EventDate "2011.??.??"]
[WhiteTeam "Rheinlandpfalz"]
[BlackTeam "Bayern 2"]

1. d4 d5 2. Nf3 Nf6 3. Bf4 Bf5 4. e3 h6 5. Bd3 Bxd3 6. Qxd3 c6 7. Nbd2 e6 8. e4
dxe4 9. Nxe4 Nxe4 10. Qxe4 Qa5+ 11. c3 Qa6 12. Qe2 Qxe2+ 13. Kxe2 Nd7 14. Ne5
Nf6 15. Rhe1 Be7 16. a4 O-O 17. a5 a6 18. Nc4 Rad8 19. Nb6 Nd5 20. Nxd5 Rxd5
21. b4 g5 22. Bg3 Bd6 23. Bxd6 Rxd6 24. Kd3 Rfd8 25. Re4 Rd5 26. Rae1 c5 27.
bxc5 Rxc5 28. Re5 Rc7 29. Rb1 Rdc8 30. Rb3 Kg7 31. Re2 Kf6 32. f3 h5 33. g4
hxg4 34. fxg4 Rh8 35. Rbb2 Rh3+ 36. Kd2 Rhxc3 37. Rxb7 Rc2+ 38. Kd1 Rxe2 39.
Rxc7 Re4 40. Rc6 Rxd4+ 41. Ke2 Rxg4 42. Kf3 Ra4 43. Rxa6 Ke5 44. Ra8 f5 45. a6
Ra3+ 46. Kf2 Kf4 47. a7 e5 48. Kf1 g4 49. Ke2 Ke4 50. Ke1 f4 51. Ke2 Rxa7 52.
Rxa7 {nicht mehr lesbar} 0-1

[Event "Rheinlandpfalz-Bayern 2"]
[Site "Gladenbach"]
[Date "2011.09.15"]
[Round "5.3"]
[White "Neumann, Horst"]
[Black "Ganslmayer, Herbert"]
[Result "1-0"]
[WhiteElo "1764"]
[BlackElo "1678"]
[PlyCount "97"]
[EventDate "2011.??.??"]
[WhiteTeam "Bayern 2"]
[BlackTeam "Rheinlandpfalz"]

1. d4 Nf6 2. Nf3 e6 3. Bg5 Be7 4. Nbd2 b6 5. e4 Bb7 6. Bd3 O-O 7. c4 d6 8. O-O
Nbd7 9. Rc1 e5 10. d5 Nh5 11. Be3 Nf4 12. Bxf4 exf4 13. b4 Bf6 14. Nb3 Ne5 15.
Bb1 Bc8 16. Nfd4 Bg4 17. f3 Bd7 18. c5 h5 19. cxd6 cxd6 20. Qd2 g6 21. Nc6 Bxc6
22. dxc6 b5 23. Na5 g5 24. Kh1 Qc7 25. Rfd1 Be7 26. a3 Rfe8 27. Ba2 Kg7 28. Qd5
Bf8 29. Qxb5 Rab8 30. Qd5 Re6 31. Qd4 Rf6 32. Bd5 g4 33. Qf2 Be7 34. Nb3 Rh8
35. Nd4 h4 36. Nf5+ Kf8 37. Rc3 h3 38. g3 fxg3 39. Qxg3 Rg6 40. f4 Nf3 41. Nxe7
Kxe7 42. Rcd3 Qb6 43. e5 dxe5 44. fxe5 Rd8 45. Qf4 Rxd5 46. Rxd5 Ng5 47. b5 Ne6
48. Rd7+ Kf8 49. Qxf7# 1-0

[Event "Rheinlandpfalz-Bayern 2"]
[Site "Gladenbach"]
[Date "2011.09.15"]
[Round "5.4"]
[White "Anlicker, Peter"]
[Black "Walter, Berthold"]
[Result "1/2-1/2"]
[WhiteElo "2074"]
[BlackElo "1910"]
[PlyCount "104"]
[EventDate "2011.??.??"]
[WhiteTeam "Rheinlandpfalz"]
[BlackTeam "Bayern 2"]

1. d4 Nf6 2. Nf3 e6 3. c4 Bb4+ 4. Nc3 c5 5. a3 Bxc3+ 6. bxc3 O-O 7. Qc2 b6 8.
e4 Bb7 9. Bd3 d5 10. cxd5 exd5 11. e5 Ne4 12. O-O cxd4 13. cxd4 Nd7 14. Bb2 Rc8
15. Qb3 Re8 16. Rac1 Nf8 17. Rxc8 Bxc8 18. Re1 Bb7 19. Bc1 Ne6 20. Be3 h6 21.
Rc1 Qe7 22. Bb5 Rd8 23. Bc6 Bxc6 24. Rxc6 Kh7 25. Qb4 Qd7 26. Rc1 Rc8 27. h3
Rxc1+ 28. Bxc1 Qc7 29. Be3 a5 30. Qb1 g6 31. Qc1 Qxc1+ 32. Bxc1 Nc3 33. Kf1 g5
34. g3 Kg6 35. Ke1 Kf5 36. Kd2 Nb5 37. Kd3 Na7 38. Ne1 Nc6 39. Nc2 b5 40. Ne3+
Kg6 41. Bb2 Nc7 42. f4 gxf4 43. gxf4 b4 44. Bc1 bxa3 45. f5+ Kg7 46. Bxa3 Nb4+
47. Bxb4 axb4 48. Nc2 b3 49. Nb4 b2 50. Kc2 Nb5 51. Nc6 Kf8 52. Kxb2 Ke8
1/2-1/2

[Event "Mecklenburg VP 1-Hessen 3"]
[Site "Gladenbach"]
[Date "2011.09.15"]
[Round "5.1"]
[White "Kripp, Wolfgang"]
[Black "Wiemer, Jürgen"]
[Result "0-1"]
[WhiteElo "1963"]
[BlackElo "1972"]
[PlyCount "90"]
[EventDate "2011.??.??"]
[WhiteTeam "Hessen 3"]
[BlackTeam "Mecklenburg VP 1"]

1. e4 e5 2. Nf3 Nc6 3. d4 exd4 4. c3 dxc3 5. Nxc3 Bb4 6. Bc4 d6 7. O-O Bxc3 8.
bxc3 Nf6 9. e5 dxe5 10. Qb3 O-O 11. Rd1 Bd7 12. Ng5 Qe8 13. Ba3 Na5 14. Qb4 b6
15. Qxf8+ Qxf8 16. Bxf8 Nxc4 17. Be7 Ba4 18. Rd8+ Rxd8 19. Bxd8 Nd5 20. Ne4 f5
21. Ng3 g6 22. Ne2 h6 23. f3 Kf7 24. Bh4 g5 25. Bf2 Ke6 26. g4 f4 27. h4 Nb2
28. hxg5 hxg5 29. Kg2 Nd1 30. Rc1 c5 31. c4 N5e3+ 32. Bxe3 Nxe3+ 33. Kf2 e4 34.
Nc3 Bc6 35. Nxe4 Bxe4 36. fxe4 Nxg4+ 37. Ke2 Nf6 38. Kd3 g4 39. Rh1 g3 40. Ke2
Nxe4 41. Kf3 Kf5 42. Rd1 Ng5+ 43. Kg2 Kg4 44. Rd8 f3+ 45. Kh1 Nh3 0-1

[Event "Mecklenburg VP 1-Hessen 3"]
[Site "Gladenbach"]
[Date "2011.09.15"]
[Round "5.2"]
[White "Jabbusch, Burkhard"]
[Black "Orwatsch, Gerhard"]
[Result "0-1"]
[WhiteElo "1879"]
[BlackElo "1991"]
[PlyCount "54"]
[EventDate "2011.??.??"]
[WhiteTeam "Mecklenburg VP 1"]
[BlackTeam "Hessen 3"]

1. f4 d5 2. Nf3 g6 3. d4 Bg7 4. e3 c6 5. Bd3 Bg4 6. O-O Nh6 7. c3 O-O 8. Qc2
Bf5 9. h3 f6 10. e4 dxe4 11. Bxe4 Bxe4 12. Qxe4 Nf7 13. f5 gxf5 14. Qxf5 Qd5
15. Qg4 Kh8 16. Be3 Rg8 17. Qh4 Nd7 18. Nbd2 Nd6 19. b3 Nf5 20. Qf2 Nxe3 21.
Qxe3 Rae8 22. Qe4 Qh5 23. Qh4 Qg6 24. Qe4 f5 25. Qe2 Bf6 26. Rae1 e5 27. Qf2 e4
0-1

[Event "Mecklenburg VP 1-Hessen 3"]
[Site "Gladenbach"]
[Date "2011.09.15"]
[Round "5.3"]
[White "Biller, Helmut"]
[Black "Krüger, Gerhard"]
[Result "1/2-1/2"]
[WhiteElo "1973"]
[BlackElo "1908"]
[PlyCount "55"]
[EventDate "2011.??.??"]
[WhiteTeam "Hessen 3"]
[BlackTeam "Mecklenburg VP 1"]

1. d4 d5 2. Nf3 Nf6 3. c4 e6 4. Bg5 c6 5. e3 Nbd7 6. Nc3 Be7 7. cxd5 cxd5 8.
Bd3 a6 9. O-O O-O 10. Ne5 Ne8 11. Bxe7 Qxe7 12. Nxd7 Bxd7 13. Na4 Bxa4 14. Qxa4
Rc8 15. Rac1 Nf6 16. b4 Nd7 17. Qa5 Qd6 18. Qa3 b5 19. g3 g6 20. Rfd1 Ra8 21.
Qc3 Nb6 22. Qc5 Qb8 23. Qe7 Ra7 24. Qf6 Rc8 25. h4 Rac7 26. Rb1 Nd7 27. Qg5 Kg7
28. h5 1/2-1/2